Представление документа в формате RUSMARC

ПолеНазваниеЗначение
  Тип записи a
  Библиографический уровень a
001 Контрольный номер UONB/MAIN/874645e4bee447a9bc5ae20e91cea48d
005 Дата корректировки 20260405145506.6
100 Данные общей обработки __
a Данные общей обработки 20260405 ||| 0rusy0189 ca
101 Язык документа 0_
a Язык текста rus
102 Страна публикации __
a Страна публикации RU
200 Заглавие и сведения об ответственности 1_
a Заглавие Интегративная методика моделирования из фольги в инклюзивном образовательном пространстве
f Первые сведения об ответственности Н. В. Микляева
203 Вид содержания и тип средства __
a Вид содержания Текст
c Тип средства непосредственный
215 Физическое описание __
c Иллюстрации/тип воспроизводства ил.
225 Серия 1_
a Серия Воспитание дошкольников
225 Серия 1_
a Серия Актуальные проблемы дошкольного воспитания
320 Библиография __
a Библиография Библиогр.: с. 45 (10 назв.)
330 Аннотация __
a Аннотация Представлена авторская интегративная методика художественного моделирования из алюминиевой фольги, которая рассматривается как системно-деятельностный инструмент всестороннего развития личности ребенка в инклюзивной дошкольной среде. На основе синтеза культурно-исторической концепции, деятельностного подхода, арт-терапевтических принципов и современных представлений об универсальном дизайне обучения раскрываются механизмы воздействия простого материала на сложные психические процессы. Доказывается, что уникальные сенсорные свойства фольги (блеск, тактильность, пластичность) трансформируются в мощный когнитивный и эмоциональный ресурс.
333 Примечание о целевом назначении __
a Примечание о целевом назначении 0+
461 Уровень набора _0
1 2000
a Дошкольное воспитание
1 011
a 0012-561X
463 Уровень физической единицы _0
1 2000
a № 1
v С. 38-45
1 2101
d 2026
1 001UONB/MAIN/90fe6499ba09496fbb99bb4080cff8e6
606 Тематические рубрики 0_
a Основная рубрика Образование. Педагогика
606 Тематические рубрики 0_
a Основная рубрика Дошкольная педагогика
606 Тематические рубрики 0_
a Основная рубрика Дефектология. Специальные школы
610 Ключевые слова 0_
a Ключевые слова дошкольники
610 Ключевые слова 0_
a Ключевые слова дети дошкольного возраста
610 Ключевые слова 0_
a Ключевые слова художественное воспитание
610 Ключевые слова 0_
a Ключевые слова изобразительная деятельность
610 Ключевые слова 0_
a Ключевые слова инклюзивное образование
610 Ключевые слова 0_
a Ключевые слова дошкольники с ОВЗ
610 Ключевые слова 0_
a Ключевые слова художественное моделирование
610 Ключевые слова 0_
a Ключевые слова нетрадиционные материалы
610 Ключевые слова 0_
a Ключевые слова моделирование из фольги
610 Ключевые слова 0_
a Ключевые слова фольга
610 Ключевые слова 0_
a Ключевые слова алюминиевая фольга
610 Ключевые слова 0_
a Ключевые слова мелкая моторика
610 Ключевые слова 0_
a Ключевые слова сенсорное развитие
610 Ключевые слова 0_
a Ключевые слова творческое мышление
610 Ключевые слова 0_
a Ключевые слова терапевтические метафоры
610 Ключевые слова 0_
a Ключевые слова духовно-нравственное воспитание
610 Ключевые слова 0_
a Ключевые слова авторские методики
610 Ключевые слова 0_
a Ключевые слова занятия с дошкольниками
610 Ключевые слова 0_
a Ключевые слова конспекты занятий
686 Индексы других классификаций __
2 Код системы rubbk
700 Автор _1
a Фамилия Микляева
b Имя (инициалы) Н. В.
g Полное личное имя Наталья Викторовна
4 Код отношения 070
c Титул (звания) кандидат педагогических наук
c Титул (звания) профессор кафедры дошкольной дефектологии
p Наименование/ адрес организации ФГБОУ ВО "Московский педагогический государственный университет"
801 Источник записи _0
a Страна RU
b Организация Ульяновская ОНБ
c Дата составления 20230614
g Правила каталогизации RCR
801 Источник записи _1
a Страна RU
b Организация Ульяновская ОНБ
c Дата составления 20230614
g Правила каталогизации RCR
901 Тип документа __
t Тип документа b
w Контрольный № источника UONB/MAIN/90fe6499ba09496fbb99bb4080cff8e6